ბათუმის შოთა რუსთაველის სახელმწიფო უნივერსიტეტის ბიბლიოთეკა

ორი პოემა (ბიბ.ჩანაწერი № 50934)

000 -LEADER
fixed length control field 00674nam a2200205Ia 4500
001 - CONTROL NUMBER
control field 17889
003 - CONTROL NUMBER IDENTIFIER
control field GE_BSU
008 - FIXED-LENGTH DATA ELEMENTS--GENERAL INFORMATION
fixed length control field 181216s||||||||xx |||||||||||||| ||und||
040 ## - CATALOGING SOURCE
Transcribing agency GE_BSU
080 ## - UNIVERSAL DECIMAL CLASSIFICATION NUMBER
Universal Decimal Classification number 821.353.1-11
100 ## - MAIN ENTRY--PERSONAL NAME
Personal name ვაკელი, იონა (იონა ლუკას ძე მეგრელიძე)
245 ## - TITLE STATEMENT
Title ორი პოემა
260 ## - PUBLICATION, DISTRIBUTION, ETC.
Place of publication, distribution, etc. [ტფილისი]
260 ## - PUBLICATION, DISTRIBUTION, ETC.
Name of publisher, distributor, etc. სახელგამის გა-მა
260 ## - PUBLICATION, DISTRIBUTION, ETC.
Date of publication, distribution, etc. 1934
300 ## - PHYSICAL DESCRIPTION
Extent 101 გვ. ; 18 სმ.
653 ## - INDEX TERM--UNCONTROLLED
Uncontrolled term ორი პოემა
653 ## - INDEX TERM--UNCONTROLLED
Uncontrolled term პოემა საბჭოთა დღეებზე; ევროპა
942 ## - ADDED ENTRY ELEMENTS (KOHA)
Koha item type წიგნი
ეგზემპლარები
Withdrawn status Lost status Damaged status Not for loan Date acquired Barcode Date last seen Price effective from Koha item type
        2018-12-17 22114 2018-12-17 2018-12-17 წიგნი